National Geographic [ 320 ]
| Titre : | National Geographic [ 320 ] |
|---|---|
| Support : | Livres |
| Langue : | Francais |
| Publié : |
2023 NG France Gennevilliers Cedex |
| Genre : |
Revues et magazines |
| Sujets : | |
| Étiquettes : |
Pas de tags
|
| LEADER | 00710nas0a2200217 450 | ||
|---|---|---|---|
| 001 | 16868215 | ||
| 011 | |b Br. |d 5,5 | ||
| 100 | |a 20260429d2023 u u0frey01 ba | ||
| 101 | 1 | |a fre |c fre | |
| 102 | |a FR | ||
| 110 | 0 | |a afu 0uu0 | |
| 200 | 0 | |a National Geographic [ 320 ] |f Frédéric Vallois | |
| 207 | 1 | |a 320 | |
| 210 | |a Gennevilliers Cedex |b 13, Henri Barbusse |c NG France |d 2023 | ||
| 215 | |a 1 vol. (154 p.) |c couv. coul. ; ill. coul. |d 25.5x17.5 cm | ||
| 464 | |a Le génie des abeilles | ||
| 464 | |a Soudan du Sud, migration animale | ||
| 676 | |a 070.17 | ||
| 900 | |a Revues et magazines | ||
| 901 | |a Adultes | ||
| 995 | |a Médiathèque |c Médiathèque |f 089021841 |h 089021841 |k 070.17 NAT 320 |o p |q u |r az |e Médiathèque | ||